One Piece-Quizz sur Luffy - Statistiques

Statistiques générales
  • Ce quiz a été pris 226 fois
  • Le résultat moyen est 9 sur 12
Statistiques - réponses
Question Reponse % Correct
Dans quel tome le voit-on pour la premiere fois ? 1
97%
Quel role occupe-t-il dans son equipage ? capitaine
97%
Qui est le père à Luffy ? Dragon
96%
Qui est le model de Luffy? shanks
95%
Qui est le grand-père à Luffy ? Garp
94%
Quel objet le symbolise ? chapeau de paille
89%
Avec qui s'entraine-t-il pendant les deux ans ? Rayleigh
84%
Contre qui a-t-il perdu ? kaido
82%
Où est-il-né ?( pas l'ile mais la zone) East Blue
72%
Contre qui a-t-il perdu ? crocodile
64%
Contre qui a-t-il perdu ? magellan
45%
Contre qui a-t-il perdu ? aokiji
33%
Aucun quiz correspondant
Distribution des résultats
% des personnes avec chaque résultat
Percentile par nombre de réponses
Votre historique - résultats
Vous n’avez pas pris ce quiz